[Event "Oberliga NRW 0910"]
[Site "Germany"]
[Date "2009.10.25"]
[Round "2.4"]
[White "Deegens, Vincent"]
[Black "Heppekausen, Jochen"]
[Result "1/2-1/2"]
[WhiteElo "2266"]
[BlackElo "2247"]
[PlyCount "137"]
[EventDate "2009.09.20"]
[EventType "team-tourn"]
[EventRounds "9"]
[EventCountry "GER"]
[SourceTitle "EXT 2011"]
[Source "ChessBase"]
[SourceDate "2010.11.26"]
[SourceVersion "1"]
[SourceVersionDate "2010.11.26"]
[SourceQuality "1"]
[WhiteTeam "Castrop Rauxel"]
[BlackTeam "Koeln SF"]
[WhiteTeamCountry "GER"]
[BlackTeamCountry "GER"]

1. e4 d5 2. exd5 Qxd5 3. Nc3 Qd6 4. Nf3 Nf6 5. Bc4 a6 6. Qe2 Nc6 7. h3 Bf5 8. d3 e6 9. 0-0 Be7 10. Ne4 Qd8 11. a4 0-0 12. Bf4 Bxe4 13. dxe4 Nd4 14. Qd3 Nxf3+ 15. Qxf3 Qd4 16. Bd3 e5 17. Bd2 Rad8 18. Bc3 Qc5 19. a5 Bd6 20. Kh1 Qc6 21. Qf5 Qd7 22. Qg5 h6 23. Qh4 Rfe8 24. f4 Qe7 25. g3 Nd7 26. Qg4 Bb4 27. Bxe5 Nxe5 28. fxe5 Qxe5 29. Rf5 Qxb2 30. Raf1 Re7 31. Bc4 Qd4 32. Rxf7 Rxf7 33. Rxf7 Kh8 34. Bd3 Bd6 35. Kg2 Bc5 36. Rf1 Bd6 37. h4 Be5 38. Rf5 c5 39. Qh5 c4 40. Rxe5 cxd3 41. Re8+ Rxe8 42. Qxe8+ Kh7 43. cxd3 Qxd3 44. Qe5 Qe2+ 45. Kh3 h5 46. Qf5+ g6 47. Qf7+ Kh8 48. Qf4 Kg7 49. Qc7+ Kh6 50. Qc1+ Kh7 51. Qf4 Kg7 52. e5 Qe1 53. Qf6+ Kh7 54. Qf7+ Kh6 55. Qxb7 Qxa5 56. Qe4 Qb5 57. Qf4+ Kh7 58. e6 Qe2 59. Qf7+ Kh6 60. Qf8+ Kh7 61. Qe7+ Kh6 62. Qg5+ Kg7 63. Qe7+ Kh6 64. Qf8+ Kh7 65. e7 Qg4+ 66. Kh2 Qe2+ 67. Kg1 Qe1+ 68. Kg2 Qe2+ 69. Kg1 1/2-1/2

[Event "NRW Class1 0708"]
[Site "Germany"]
[Date "2007.10.14"]
[Round "2.4"]
[White "Deegens, Vincent"]
[Black "Kreutzkamp, Reinhold"]
[Result "1/2-1/2"]
[WhiteElo "2248"]
[BlackElo "2310"]
[PlyCount "32"]
[EventDate "2007.09.16"]
[EventType "team"]
[EventRounds "9"]
[EventCountry "GER"]
[SourceTitle "EXT 2009"]
[Source "ChessBase"]
[SourceDate "2008.11.26"]
[SourceVersion "1"]
[SourceVersionDate "2008.11.26"]
[SourceQuality "1"]
[WhiteTeam "Castrop Rauxel"]
[BlackTeam "Koeln Porz II"]
[WhiteTeamCountry "GER"]
[BlackTeamCountry "GER"]

1. e4 c6 2. d4 d5 3. e5 Bf5 4. Nf3 e6 5. Be2 Ne7 6. 0-0 Bg6 7. c3 Nd7 8. Na3 Nf5 9. Nc2 Be7 10. Nce1 0-0 11. Nd3 c5 12. Nf4 cxd4 13. cxd4 Qb6 14. Qa4 Nb8 15. Bd2 Nc6 16. Bc3 Bb4 1/2-1/2

[Event "NED-chT 0607"]
[Site "Netherlands"]
[Date "2007.05.13"]
[Round "9.9"]
[White "Douven, Rudy C"]
[Black "Deegens, Vincent"]
[Result "1-0"]
[WhiteElo "2399"]
[BlackElo "2243"]
[PlyCount "119"]
[EventDate "2006.09.23"]
[EventType "team-tourn"]
[EventRounds "9"]
[EventCountry "NED"]
[SourceTitle "EXT 2008"]
[Source "ChessBase"]
[SourceDate "2007.11.25"]
[SourceVersion "1"]
[SourceVersionDate "2007.11.25"]
[SourceQuality "1"]
[WhiteTeam "Hilversum HSG"]
[BlackTeam "Nijmegen"]
[WhiteTeamCountry "NED"]
[BlackTeamCountry "NED"]

1. d4 d5 2. c4 c6 3. e3 Nf6 4. Nc3 e6 5. Nf3 Nbd7 6. Qc2 Bd6 7. Bd3 e5 8. cxd5 cxd5 9. Nb5 Bb8 10. dxe5 Nxe5 11. Nxe5 Bxe5 12. Bd2 a6 13. Bc3 Bxc3+ 14. Nxc3 0-0 15. Rd1 Bg4 16. Be2 Bxe2 17. Qxe2 Qa5 18. 0-0 Rad8 19. Qc2 Rd7 20. Rd4 Rfd8 21. Rfd1 Qc7 22. Qf5 Qc6 23. h3 h6 24. Qd3 Kf8 25. g4 Ke8 26. f3 Qe6 27. Kg2 Kf8 28. Rd2 Re8 29. Re2 Kg8 30. a3 Kf8 31. Rb4 Ree7 32. Qd4 Rd6 33. Qf4 Rc6 34. Rd4 Re8 35. h4 Rc4 36. Kf2 Rd8 37. Red2 Rxd4 38. Qxd4 Rc8 39. Qb4+ Kg8 40. Qxb7 Re8 41. Re2 Qd6 42. Kg2 g5 43. h5 Re7 44. Qc8+ Kg7 45. Qf5 a5 46. Qd3 Qe6 47. Nb5 Qe5 48. Nd4 Rc7 49. Rc2 Rxc2+ 50. Qxc2 Qb8 51. Qc3 Qb6 52. b3 Kh7 53. Qc8 Qd6 54. Qf5+ Kg8 55. Qc8+ Kh7 56. Qc6 Qxa3 57. Qxf6 Qb2+ 58. Kg3 Qc1 59. Qxf7+ Kh8 60. Qe8+ 1-0

[Event "NRW Class2 0607"]
[Site "Germany"]
[Date "2007.04.15"]
[Round "8.2"]
[White "Deegens, Vincent"]
[Black "Osthoff, Peter"]
[Result "1-0"]
[WhiteElo "2243"]
[BlackElo "2113"]
[PlyCount "51"]
[EventDate "2006.09.17"]
[EventType "team-tourn"]
[EventRounds "9"]
[EventCountry "GER"]
[SourceTitle "EXT 2008"]
[Source "ChessBase"]
[SourceDate "2007.11.25"]
[SourceVersion "1"]
[SourceVersionDate "2007.11.25"]
[SourceQuality "1"]
[WhiteTeam "Castrop Rauxel"]
[BlackTeam "Hagen"]
[WhiteTeamCountry "GER"]
[BlackTeamCountry "GER"]

1. e4 e5 2. Bc4 Nf6 3. d3 Bc5 4. Nc3 c6 5. Nf3 Qe7 6. 0-0 0-0 7. a4 a5 8. d4 exd4 9. Nxd4 Nxe4 10. Nf5 Qe5 11. Nxe4 Qxe4 12. Bd3 Qe5 13. Qh5 Kh8 14. Bd2 f6 15. Bc3 Qd5 16. Nxg7 Qxh5 17. Nxh5 Be7 18. Rae1 Bd8 19. Nxf6 Bxf6 20. Bxf6+ Rxf6 21. Re8+ Kg7 22. Rxc8 Re6 23. f4 Re7 24. Rf3 d5 25. Rg3+ Kf6 26. Rgg8 1-0

[Event "NED-chT 0607"]
[Site "Netherlands"]
[Date "2006.12.16"]
[Round "4.5"]
[White "Deegens, Vincent"]
[Black "Ris, Robert"]
[Result "1/2-1/2"]
[WhiteElo "2243"]
[BlackElo "2364"]
[PlyCount "71"]
[EventDate "2006.09.23"]
[EventType "team-tourn"]
[EventRounds "9"]
[EventCountry "NED"]
[SourceTitle "EXT 2008"]
[Source "ChessBase"]
[SourceDate "2007.11.25"]
[SourceVersion "1"]
[SourceVersionDate "2007.11.25"]
[SourceQuality "1"]
[WhiteTeam "Nijmegen"]
[BlackTeam "Utrecht"]
[WhiteTeamCountry "NED"]
[BlackTeamCountry "NED"]

1. e4 c6 2. d4 d5 3. e5 Bf5 4. Nf3 e6 5. Be2 Nd7 6. 0-0 Bg6 7. c3 Nh6 8. Na3 Nf5 9. Nc2 Be7 10. Nce1 0-0 11. Nd3 h6 12. Nf4 Bh7 13. Bd3 Re8 14. g4 Nh4 15. Bxh7+ Kxh7 16. Nxh4 Bxh4 17. Qd3+ Kg8 18. Ng2 c5 19. f4 Be7 20. f5 Bg5 21. fxe6 Rxe6 22. Qf5 Qe7 23. Bxg5 hxg5 24. Ne3 Nb6 25. Qf3 g6 26. Nxd5 Nxd5 27. Qxd5 Rd8 28. Qe4 cxd4 29. cxd4 Red6 30. Rad1 Rd5 31. Rd3 Qd7 32. Rfd1 Qc6 33. Qf3 b6 34. h3 R8d7 35. Kg2 a5 36. a4 1/2-1/2

[Event "NED-chT 0607"]
[Site "Netherlands"]
[Date "2006.11.11"]
[Round "3.9"]
[White "Souleidis, Georgios"]
[Black "Deegens, Vincent"]
[Result "1-0"]
[WhiteElo "2412"]
[BlackElo "2243"]
[PlyCount "73"]
[EventDate "2006.09.23"]
[EventType "team-tourn"]
[EventRounds "9"]
[EventCountry "NED"]
[SourceTitle "CBM 115 Extra"]
[Source "ChessBase"]
[SourceDate "2007.01.10"]
[SourceVersion "1"]
[SourceVersionDate "2007.01.10"]
[SourceQuality "1"]
[WhiteTeam "Homburg Apeldoorn"]
[BlackTeam "Nijmegen"]
[WhiteTeamCountry "NED"]
[BlackTeamCountry "NED"]

1. e4 e6 2. d4 d5 3. Nc3 Bb4 4. exd5 exd5 5. Bd3 Nc6 6. a3 Bxc3+ 7. bxc3 Nge7 8. Qf3 Be6 9. Ne2 Qd7 10. Ng3 0-0 11. h3 f5 12. Nh5 Nc8 13. Qg3 Nd6 14. f3 Kh8 15. 0-0 g6 16. Nf4 Bf7 17. Ne2 Rae8 18. Bh6 Bg8 19. Bxf8 Rxf8 20. Nf4 Qe7 21. Rae1 Qf6 22. h4 a6 23. Qg5 Qxg5 24. hxg5 a5 25. a4 Rc8 26. Re2 Kg7 27. Rfe1 Kf8 28. Kf2 b6 29. Ke3 Nd8 30. Kd2 c5 31. Bb5 cxd4 32. cxd4 Bf7 33. Rb1 Nc6 34. c3 Nd8 35. Re5 Nc6 36. Ree1 Nd8 37. Nd3 1-0

[Event "NED-chT 0607"]
[Site "Netherlands"]
[Date "2006.09.23"]
[Round "1.7"]
[White "Deegens, Vincent"]
[Black "Gulbas, Cemil"]
[Result "1/2-1/2"]
[WhiteElo "2243"]
[BlackElo "2387"]
[PlyCount "56"]
[EventDate "2006.09.23"]
[EventType "team-tourn"]
[EventRounds "9"]
[EventCountry "NED"]
[SourceTitle "CBM 115 Extra"]
[Source "ChessBase"]
[SourceDate "2007.01.10"]
[SourceVersion "1"]
[SourceVersionDate "2007.01.10"]
[SourceQuality "1"]
[WhiteTeam "Nijmegen"]
[BlackTeam "Rotterdam SO"]
[WhiteTeamCountry "NED"]
[BlackTeamCountry "NED"]

1. e4 d6 2. d4 Nf6 3. Nc3 g6 4. Bg5 Bg7 5. Qd2 Nbd7 6. Bh6 Bxh6 7. Qxh6 c6 8. Nf3 e5 9. 0-0-0 Qe7 10. h3 a6 11. Bc4 b5 12. Bb3 Rf8 13. Rhe1 Bb7 14. dxe5 dxe5 15. a3 0-0-0 16. Qe3 Nc5 17. Ba2 Nfd7 18. b4 Ne6 19. Qa7 Nf4 20. g3 Nxh3 21. Nd5 cxd5 22. Bxd5 Nf6 23. Rd3 Nxd5 24. exd5 Qc7 25. Ree3 Bxd5 26. Rc3 Bc4 27. Qa8+ Qb8 28. Qc6+ Qc7 1/2-1/2

[Event "NRW Class1 0506"]
[Site "Germany"]
[Date "2006.02.12"]
[Round "6.4"]
[White "El Moumen, Younes"]
[Black "Deegens, Vincent"]
[Result "0-1"]
[WhiteElo "2258"]
[BlackElo "2250"]
[PlyCount "66"]
[EventDate "2005.09.25"]
[EventType "team"]
[EventRounds "9"]
[EventCountry "GER"]
[SourceTitle "EXT 2006"]
[Source "ChessBase"]
[SourceDate "2005.11.24"]
[SourceVersion "1"]
[SourceVersionDate "2005.11.24"]
[SourceQuality "1"]
[WhiteTeam "Koeln Brueck"]
[BlackTeam "Castrop Rauxel"]
[WhiteTeamCountry "GER"]
[BlackTeamCountry "GER"]

1. e4 e6 2. d4 d5 3. Nc3 Nf6 4. Bg5 Be7 5. e5 Nfd7 6. Bxe7 Qxe7 7. f4 0-0 8. Nf3 c5 9. Qd2 Nc6 10. 0-0-0 c4 11. g4 f6 12. Bg2 Rb8 13. g5 f5 14. Ne1 Nb6 15. Nb5 Bd7 16. Nd6 Nc8 17. Nxc8 Rfxc8 18. c3 b5 19. Nc2 b4 20. Kb1 Rb5 21. cxb4 Rcb8 22. a3 a5 23. a4 Rxb4 24. Nxb4 axb4 25. Bf1 Na5 26. Qc2 Qe8 27. b3 Rc8 28. bxc4 Bxa4 29. Qd2 dxc4 30. Rc1 Nb3 31. Qxb4 Rb8 32. Qa3 Qc6 33. Bxc4 Nxc1+ 0-1

[Event "NRW Class1 0506"]
[Site "Germany"]
[Date "2005.09.25"]
[Round "1.5"]
[White "Tereick, Benjamin"]
[Black "Deegens, Vincent"]
[Result "0-1"]
[WhiteElo "2181"]
[BlackElo "2250"]
[PlyCount "60"]
[EventDate "2005.09.25"]
[EventType "team"]
[EventRounds "9"]
[EventCountry "GER"]
[SourceTitle "EXT 2006"]
[Source "ChessBase"]
[SourceDate "2005.11.24"]
[SourceVersion "1"]
[SourceVersionDate "2005.11.24"]
[SourceQuality "1"]
[WhiteTeam "Muelheim Nord II"]
[BlackTeam "Castrop Rauxel"]
[WhiteTeamCountry "GER"]
[BlackTeamCountry "GER"]

1. c4 e5 2. Nc3 d6 3. Nf3 f5 4. d4 e4 5. Ng5 Nf6 6. Nh3 g6 7. Bg5 h6 8. Bxf6 Qxf6 9. e3 c6 10. f3 exf3 11. Qxf3 Bg7 12. Bd3 0-0 13. 0-0 Na6 14. Qg3 g5 15. Rad1 Qe7 16. Kh1 Bd7 17. Ng1 Rae8 18. Nf3 Bf6 19. e4 f4 20. Qf2 Qg7 21. e5 dxe5 22. dxe5 Bxe5 23. Nxe5 Rxe5 24. Qxa7 Bg4 25. Rde1 Nc5 26. Bc2 f3 27. Ne4 Qe7 28. gxf3 Bxf3+ 29. Rxf3 Rxf3 30. Qb8+ Kg7 0-1

[Event "NRW Class2 0405"]
[Site "Germany"]
[Date "2004.11.21"]
[Round "3.3"]
[White "Stark, Lars"]
[Black "Deegens, Vincent"]
[Result "1-0"]
[WhiteElo "2305"]
[BlackElo "2271"]
[PlyCount "60"]
[EventDate "2004.10.10"]
[EventType "team"]
[EventRounds "9"]
[EventCountry "GER"]
[SourceTitle "EXT 2006"]
[Source "ChessBase"]
[SourceDate "2005.11.24"]
[SourceVersion "1"]
[SourceVersionDate "2005.11.24"]
[SourceQuality "1"]
[WhiteTeam "Duesseldorf"]
[BlackTeam "Castrop Rauxel"]
[WhiteTeamCountry "GER"]
[BlackTeamCountry "GER"]

1. c4 e5 2. g3 d6 3. Bg2 Nc6 4. Nc3 Be6 5. d3 Qd7 6. e4 g6 7. Be3 Bg7 8. Qd2 a5 9. Nd5 Nd4 10. Rc1 Qd8 11. Bg5 Nf6 12. Bh6 Rg8 13. Nxf6+ Bxf6 14. f4 c6 15. Ne2 Nxe2 16. Kxe2 Qb6 17. h4 a4 18. Rc2 Bh8 19. Qe3 c5 20. Qf3 Qc7 21. f5 gxf5 22. exf5 Bd7 23. g4 Bc6 24. Qh3 0-0-0 25. Be4 d5 26. cxd5 Bxd5 27. Qe3 Bxe4 28. dxe4 b6 29. f6 Qc6 30. g5 Kb7 1-0

[Event "NED-chT 0304"]
[Site "Netherlands"]
[Date "2004.03.27"]
[Round "7.2"]
[White "Motwani, Paul"]
[Black "Deegens, Vincent"]
[Result "1-0"]
[WhiteElo "2537"]
[BlackElo "2280"]
[PlyCount "55"]
[EventDate "2003.09.27"]
[EventType "team-tourn"]
[EventRounds "9"]
[EventCountry "NED"]
[SourceTitle "EXT 2014"]
[Source "ChessBase"]
[SourceDate "2013.11.20"]
[SourceVersion "1"]
[SourceVersionDate "2013.11.20"]
[SourceQuality "1"]
[WhiteTeam "Sas van Gent"]
[BlackTeam "Nijmegen"]
[WhiteTeamCountry "NED"]
[BlackTeamCountry "NED"]

1. Nf3 g6 2. e4 Bg7 3. d4 d6 4. Nc3 Nf6 5. Be3 0-0 6. h3 a6 7. Bd3 b5 8. e5 dxe5 9. dxe5 Nd5 10. Qd2 Nxe3 11. Qxe3 c6 12. 0-0 Qc7 13. Rae1 e6 14. h4 Nd7 15. h5 c5 16. hxg6 fxg6 17. a4 b4 18. Ne4 c4 19. Be2 Nxe5 20. Nd4 Rb8 21. Ng5 Re8 22. f4 Nc6 23. Ndxe6 Bxe6 24. Nxe6 Qf7 25. Qh3 Rxe6 26. Bxc4 Rbe8 27. Rxe6 Qa7+ 28. Kh2 1-0

[Event "NED-chT 0304"]
[Site "Netherlands"]
[Date "2004.01.31"]
[Round "5.5"]
[White "Deegens, Vincent"]
[Black "Piket, Marcel"]
[Result "1/2-1/2"]
[WhiteElo "2280"]
[BlackElo "2343"]
[PlyCount "40"]
[EventDate "2003.09.27"]
[EventType "team-tourn"]
[EventRounds "9"]
[EventCountry "NED"]
[SourceTitle "EXT 2014"]
[Source "ChessBase"]
[SourceDate "2013.11.20"]
[SourceVersion "1"]
[SourceVersionDate "2013.11.20"]
[SourceQuality "1"]
[WhiteTeam "Nijmegen"]
[BlackTeam "Rotterdam"]
[WhiteTeamCountry "NED"]
[BlackTeamCountry "NED"]

1. e4 g6 2. d4 Bg7 3. Nc3 d6 4. Bg5 a6 5. Qd2 b5 6. f4 Bb7 7. Nf3 Nf6 8. e5 Nd5 9. a4 bxa4 10. Be2 Nd7 11. Nxd5 Bxd5 12. Rxa4 0-0 13. 0-0 Rb8 14. Qc1 f6 15. exf6 exf6 16. Bh4 Re8 17. Bxa6 Bh6 18. Bd3 c5 19. b3 cxd4 20. Rxd4 Qb6 1/2-1/2

[Event "Vlissingen HZ op 07th"]
[Site "Vlissingen"]
[Date "2003.08.04"]
[Round "4"]
[White "Jansen, Christof"]
[Black "Deegens, Vincent"]
[Result "0-1"]
[WhiteElo "2282"]
[BlackElo "2323"]
[PlyCount "64"]
[EventDate "2003.08.02"]
[EventType "swiss"]
[EventRounds "9"]
[EventCountry "NED"]
[SourceTitle "CBM 095 Extra"]
[Source "ChessBase"]
[SourceDate "2003.09.04"]
[SourceVersion "1"]
[SourceVersionDate "2003.09.04"]
[SourceQuality "1"]

1. c4 e5 2. Nc3 d6 3. Nf3 f5 4. d4 e4 5. Nd2 Nf6 6. e3 g6 7. f3 exf3 8. Nxf3 Bg7 9. Bd3 0-0 10. 0-0 Re8 11. Qc2 Qe7 12. Bd2 Ne4 13. Nd5 Qd8 14. Be1 c6 15. Nf4 Bh6 16. Nd2 Qe7 17. Kh1 Nd7 18. g4 Ndf6 19. gxf5 Bxf5 20. Bh4 Nxd2 21. Bxf5 Nxf1 22. Be6+ Kg7 23. Rxf1 Bxf4 24. Bxf6+ Qxf6 25. d5 g5 26. exf4 gxf4 27. Qe4 cxd5 28. cxd5 Rf8 29. Qb4 Qe5 30. Re1 Qf6 31. Qxd6 f3 32. Qc7+ Kh8 0-1

[Event "NED-chT 0001"]
[Site "Netherlands"]
[Date "2001.03.04"]
[Round "6.1"]
[White "Deegens, Vincent"]
[Black "Wells, Peter K"]
[Result "1/2-1/2"]
[WhiteElo "2339"]
[BlackElo "2522"]
[PlyCount "99"]
[EventDate "2000.11.18"]
[EventType "team-tourn"]
[EventRounds "9"]
[EventCountry "NED"]
[SourceTitle "EXT 2002"]
[Source "ChessBase"]
[SourceDate "2001.11.25"]
[SourceVersion "1"]
[SourceVersionDate "2001.11.25"]
[SourceQuality "1"]
[WhiteTeam "Nijmegen"]
[BlackTeam "Apeldoorn Schaakstad"]
[WhiteTeamCountry "NED"]
[BlackTeamCountry "NED"]

1. e4 e5 2. Nc3 Nf6 3. Bc4 Nc6 4. d3 Na5 5. Nge2 c6 6. a3 Nxc4 7. dxc4 Be7 8. 0-0 0-0 9. b3 d6 10. Ng3 Re8 11. Qd3 Be6 12. Rd1 Qc7 13. Bb2 Rad8 14. Qe2 Bg4 15. f3 Be6 16. Kh1 Bf8 17. Rd3 a6 18. a4 Nd7 19. Ba3 Nc5 20. Rd2 g6 21. Qe3 Qe7 22. Rad1 Qh4 23. Qe2 Bc8 24. Qf1 h5 25. Nge2 Qf6 26. b4 Ne6 27. Qf2 Ng5 28. b5 axb5 29. axb5 Be7 30. Bb4 Qe6 31. bxc6 bxc6 32. c5 dxc5 33. Bxc5 Rxd2 34. Rxd2 Rd8 35. Bxe7 Rxd2 36. Bxg5 Rxc2 37. Qb6 Kh7 38. Qd8 Qd7 39. Qf8 Qe6 40. Bf6 Qxf6 41. Qxc8 Kg7 42. h3 Qd6 43. Qa6 Qd2 44. Qa5 Qe1+ 45. Kh2 Rxe2 46. Qxe5+ Kh7 47. Qf6 Rc2 48. Qxf7+ Kh8 49. Qf8+ Kh7 50. Qf7+ 1/2-1/2

[Event "NED-chT 0001"]
[Site "Netherlands"]
[Date "2001.03.03"]
[Round "5.3"]
[White "Reinderman, Dimitri"]
[Black "Deegens, Vincent"]
[Result "0-1"]
[WhiteElo "2539"]
[BlackElo "2339"]
[PlyCount "76"]
[EventDate "2000.11.18"]
[EventType "team-tourn"]
[EventRounds "9"]
[EventCountry "NED"]
[SourceTitle "EXT 2002"]
[Source "ChessBase"]
[SourceDate "2001.11.25"]
[SourceVersion "1"]
[SourceVersionDate "2001.11.25"]
[SourceQuality "1"]
[WhiteTeam "Magnus/BSG Bussum"]
[BlackTeam "Nijmegen"]
[WhiteTeamCountry "NED"]
[BlackTeamCountry "NED"]

1. e4 e6 2. d4 d5 3. Nc3 Bb4 4. e5 c5 5. Bd2 Ne7 6. Nb5 Bxd2+ 7. Qxd2 0-0 8. dxc5 Nd7 9. f4 Nxc5 10. 0-0-0 Qb6 11. Nd4 Bd7 12. Ngf3 Rac8 13. Bd3 Nc6 14. Kb1 Nb4 15. g4 Ba4 16. Rc1 Ne4 17. Bxe4 dxe4 18. Ng5 Rfd8 19. c3 Nd3 20. Nxe4 Nxc1 21. Rxc1 Bc6 22. Nd6 Rc7 23. Re1 Rcd7 24. f5 Bd5 25. Qf4 Rxd6 26. f6 Bxa2+ 27. Kxa2 Rxd4 28. Qg5 Qa6+ 29. Kb1 Qd3+ 30. Ka2 Qa6+ 31. Kb1 Rd1+ 32. Rxd1 Rxd1+ 33. Kc2 Qd3+ 34. Kb3 Qg6 35. Qf4 gxf6 36. exf6 Rd8 37. h4 Qd3 38. h5 Qb5+ 0-1

[Event "NED-chT 9900"]
[Site "Netherlands"]
[Date "2000.04.29"]
[Round "7.2"]
[White "Winants, Luc"]
[Black "Deegens, Vincent"]
[Result "1-0"]
[WhiteElo "2510"]
[BlackElo "2313"]
[PlyCount "41"]
[EventDate "2000.02.05"]
[EventType "team-tourn"]
[EventRounds "9"]
[EventCountry "NED"]
[SourceTitle "CBM 076 Extra"]
[Source "ChessBase"]
[SourceDate "2000.07.11"]
[SourceVersion "1"]
[SourceVersionDate "2000.07.11"]
[SourceQuality "1"]
[WhiteTeam "Rotterdam"]
[BlackTeam "Nijmegen"]
[WhiteTeamCountry "NED"]
[BlackTeamCountry "NED"]

1. d4 d5 2. c4 c6 3. Nc3 Nf6 4. e3 a6 5. Bd3 b5 6. b3 Bg4 7. Nge2 e6 8. 0-0 Nbd7 9. Qc2 Bh5 10. Nf4 Bg6 11. Bxg6 hxg6 12. cxd5 exd5 13. e4 Be7 14. e5 Nh5 15. e6 Nf8 16. Ncxd5 fxe6 17. Qxc6+ Kf7 18. Nxe7 Kxe7 19. Qb7+ Kf6 20. Nh3 Nh7 21. Qf3+ 1-0

[Event "NED-chT 9900"]
[Site "Netherlands"]
[Date "2000.02.06"]
[Round "2"]
[White "Deegens, Vincent"]
[Black "Carlier, Bruno"]
[Result "1-0"]
[WhiteElo "2313"]
[BlackElo "2418"]
[PlyCount "51"]
[EventDate "2000.02.05"]
[EventType "team-tourn"]
[EventRounds "9"]
[EventCountry "NED"]
[SourceTitle "CBM 074 Extra"]
[Source "ChessBase"]
[SourceDate "2000.03.10"]
[SourceVersion "2"]
[SourceVersionDate "2000.03.10"]
[SourceQuality "1"]
[WhiteTeam "Nijmegen"]
[BlackTeam "Bussum"]
[WhiteTeamCountry "NED"]
[BlackTeamCountry "NED"]

1. e4 g6 2. d4 Bg7 3. Nc3 d6 4. Bg5 Nf6 5. Qd2 c6 6. Bh6 Bxh6 7. Qxh6 Qa5 8. Bd3 c5 9. Nge2 cxd4 10. Nxd4 Nc6 11. Nb3 Qh5 12. Qd2 g5 13. f3 Be6 14. 0-0-0 Bxb3 15. axb3 g4 16. f4 Qa5 17. Kb1 Nb4 18. e5 dxe5 19. fxe5 Qxe5 20. Rhe1 Qxh2 21. Bb5+ Kf8 22. Qe3 Qc7 23. Qh6+ Kg8 24. Rd4 a6 25. Bd7 Rd8 26. Rxe7 1-0

[Event "NED-chT 9900"]
[Site "Netherlands"]
[Date "2000.02.05"]
[Round "1"]
[White "Boersma, Paul"]
[Black "Deegens, Vincent"]
[Result "0-1"]
[WhiteElo "2331"]
[BlackElo "2313"]
[PlyCount "64"]
[EventDate "2000.02.05"]
[EventType "team-tourn"]
[EventRounds "9"]
[EventCountry "NED"]
[SourceTitle "CBM 074 Extra"]
[Source "ChessBase"]
[SourceDate "2000.03.10"]
[SourceVersion "2"]
[SourceVersionDate "2000.03.10"]
[SourceQuality "1"]
[WhiteTeam "Hilversum HSG"]
[BlackTeam "Nijmegen"]
[WhiteTeamCountry "NED"]
[BlackTeamCountry "NED"]

1. Nf3 d5 2. c4 c6 3. e3 Nf6 4. Nc3 a6 5. b3 Bg4 6. Be2 e6 7. Bb2 Nbd7 8. 0-0 Bd6 9. cxd5 cxd5 10. Nd4 Bxe2 11. Ncxe2 Qe7 12. Rc1 0-0 13. Qc2 Nb6 14. f4 Rac8 15. Qd3 Ba3 16. Rxc8 Rxc8 17. Ba1 Nbd7 18. Nf3 Qb4 19. Ned4 Qe7 20. Ne5 Bd6 21. Nxd7 Nxd7 22. Nf3 f5 23. Qb1 Ba3 24. h3 Nf6 25. Bd4 Ne4 26. Kh2 Qb4 27. Qa1 Nxd2 28. Nxd2 Qxd2 29. Bxg7 Rc2 30. Rg1 Qxe3 31. Bh6 Bb2 32. Qd1 Rc1 0-1

[Event "Ruhrgebiet VL1 9900"]
[Site "Ruhrgebiet"]
[Date "1999.11.21"]
[Round "3"]
[White "Deegens, Vincent"]
[Black "Visser, Yge"]
[Result "1/2-1/2"]
[WhiteElo "2311"]
[BlackElo "2412"]
[PlyCount "83"]
[EventDate "1999.09.19"]
[EventType "team-tourn"]
[EventRounds "9"]
[EventCountry "GER"]
[SourceTitle "EXT 2001"]
[Source "ChessBase"]
[SourceDate "2000.11.22"]
[SourceVersion "1"]
[SourceVersionDate "2000.11.22"]
[SourceQuality "1"]

1. e4 e6 2. d4 d5 3. e5 c5 4. c3 Nc6 5. Nf3 Nh6 6. Bd3 cxd4 7. cxd4 Nf5 8. Bxf5 exf5 9. 0-0 Be6 10. Nc3 Be7 11. Ne1 g5 12. f4 Qb6 13. Ne2 h6 14. Kh1 0-0-0 15. Nd3 Kb8 16. b4 Rc8 17. a3 Qd8 18. Qa4 Ka8 19. Bd2 Nb8 20. b5 Nd7 21. Ba5 Qg8 22. Rfc1 Rc4 23. Qb3 Qg6 24. Bb4 Bd8 25. Nb2 Rxc1+ 26. Rxc1 Nb6 27. a4 Qh5 28. Qe3 gxf4 29. Nxf4 Bg5 30. Nbd3 Nc4 31. Qf2 Bxf4 32. Nxf4 Qg5 33. Qf3 Rg8 34. g3 Qg4 35. Qxg4 Rxg4 36. Kg2 Kb8 37. Kf3 Kc8 38. Rc2 Kd8 39. Bf8 h5 40. h3 Rg8 41. Bb4 Rh8 42. h4 1/2-1/2

[Event "Korinthos op 2nd"]
[Site "Korinthos"]
[Date "1998.??.??"]
[Round "8"]
[White "Adzic, Slobodan"]
[Black "Deegens, Vincent"]
[Result "0-1"]
[WhiteElo "2230"]
[BlackElo "2290"]
[PlyCount "82"]
[EventDate "1998.07.20"]
[EventType "swiss"]
[EventRounds "9"]
[EventCountry "GRE"]
[SourceTitle "EXT 1999"]
[Source "ChessBase"]
[SourceDate "1998.11.16"]
[SourceVersion "1"]
[SourceVersionDate "1998.11.16"]
[SourceQuality "1"]

1. g3 d5 2. Bg2 Nf6 3. c4 dxc4 4. Na3 g6 5. Nxc4 Bg7 6. Nf3 0-0 7. 0-0 c5 8. d3 Nd5 9. a3 Nc6 10. b3 b6 11. Rb1 Bb7 12. e4 Nc7 13. b4 cxb4 14. axb4 Nb5 15. Rb3 Qd7 16. Qd2 Rfd8 17. Bb2 Bxb2 18. Nxb2 Ncd4 19. Nxd4 Qxd4 20. Qg5 Qd7 21. Nc4 Nd4 22. Ra3 Nc2 23. Rb3 f6 24. Qh6 Nd4 25. Ra3 Nc2 26. Rb3 Bc6 27. h4 Ba4 28. Rc3 Nd4 29. Kh2 e6 30. e5 Rac8 31. exf6 Nf5 32. Qg5 Qd4 33. Ra3 b5 34. h5 bxc4 35. hxg6 h6 36. Qd2 c3 37. Qc1 Bb5 38. Bh3 Qxf6 39. Bxf5 exf5 40. Qxh6 Rc7 41. Rxc3 Qxc3 0-1